| 000 | 00628nam a2200241Ia 4500 | ||
|---|---|---|---|
| 001 | dia_2027 | ||
| 003 | CHAP | ||
| 005 | 20251023161338.0 | ||
| 008 | 220117s1983 xx 000 0 und d | ||
| 010 | _a172565 | ||
| 040 | _cCHAP | ||
| 082 | _a634.8 A5 | ||
| 100 |
_aAmat Llabres, Juan _95163 |
||
| 245 |
_aEl Cultivo de la Vid / _c por Juan Amat Llabres |
||
| 260 |
_a: _b Sintes, _c1983 |
||
| 300 | _a264 p. | ||
| 400 | _aBIBLIOTECA NATURISTA | ||
| 650 |
_a1.Vid _xcultivo _9152113 |
||
| 901 | _a634.8 A5 | ||
| 902 | _aM | ||
| 905 | _a0000001983 espA 0000000000esp00 | ||
| 942 |
_cLIBRO _2ddc |
||
| 999 |
_c172565 _d172565 |
||